Механизмы динамической деформации материалов: межвузовский (межведомственный) тематический сборник научных трудов

Bibliografiske detaljer
Institution som forfatter: Куйбышевский политехнический институт им. В. В. Куйбышева (КПИ)
Andre forfattere: Бекренев А. Н. (редактор)
Sprog:russisk
Udgivet: Куйбышев, Изд-во КПтИ, 1986
Fag:
Format: Bog
KOHA link:https://koha.lib.tpu.ru/cgi-bin/koha/opac-detail.pl?biblionumber=268299

MARC

LEADER 00000nam0a2200000 4500
001 268299
005 20231101234144.0
035 |a (RuTPU)RU\TPU\book\291450 
090 |a 268299 
100 |a 20140901d1986 k y0rusy50 ca 
101 0 |a rus 
102 |a RU 
105 |a a z 001zy 
200 1 |a Механизмы динамической деформации материалов  |e межвузовский (межведомственный) тематический сборник научных трудов  |f Куйбышевский политехнический институт им. В. В. Куйбышева (КПИ) ; под ред. А. Н. Бекренева 
210 |a Куйбышев  |c Изд-во КПтИ  |d 1986 
215 |a 155 с.  |c ил. 
320 |a Библиография в конце статей 
606 1 |a Металлы  |x Действие ударных волн  |2 stltpush  |3 (RuTPU)RU\TPU\subj\43051  |9 62638 
610 1 |a пластическая деформация 
610 1 |a деформирование 
610 1 |a взрывное деформирование 
610 1 |a лазерное облучение 
610 1 |a облучение 
610 1 |a импульсные воздействия 
610 1 |a электроны 
675 |a 669:539.37  |v 3 
702 1 |a Бекренев  |b А. Н.  |4 340 
712 0 2 |a Куйбышевский политехнический институт им. В. В. Куйбышева (КПИ)  |c (1962-1991)  |2 stltpush  |3 (RuTPU)RU\TPU\col\320 
801 1 |a RU  |b 63413507  |c 20140901 
801 2 |a RU  |b 63413507  |c 20161102  |g RCR 
942 |c BK